000 00837cam a2200217 4500
001 ##L134856
008 060906n2006 000 0 eng u
020 _a0902797395
035 _a(Sirsi) u134856
041 0 _aeng
050 0 4 _a711.1 $2 18
110 2 _aTown and Country Planning Association
_93022
245 0 0 _aSustainable energy by design
_ba guide for sustainable communities
260 _aLondon
_bTCPA
_c2006
300 _a48p.
_bill.
_c30cm
520 _aIllustrates ways in which sustainable energy can be incorporated into the planning, design and development of new and existing communities. Reflects on the roles of various stakeholders and systems in delivering sustainable communities.
590 _aIKA190906
651 4 _aUnited Kingdom
_y
690 _aENVIRONMENTAL AND LAND CONSULTANCY-ENERGY
942 _n0
999 _c105818
_d105818